01121nam a2200205 a 450000100060000000300080000600500170001400800410003103500190007204000290009104100080012008200200012824501290014826000480027730000310032550004690035650400300082565000270085570000330088230921BD-RjUL20211209051633.0140412s1960 000 0 eng d a(BD-RjUL)31008 aVCAVbengcVCAVdBD-RjUL aeng04a157.5bATT 196000aAttitude organization and change :ban analysis of consistency among attitude components /cby Milton J. Rosenberg [et al.]. aNew Haven :bYale University Press,cc1960. ax, 239 p :bill. ;c23 cm. aCognitive, affective, and behavioral components of attitudes, by M. J. Rosenberg and C. I. Hovland.--An analysis of effective-cognitive consistency, by M. J. Rosenberg.--A syllogistic analysis of cognitive relationships, by W. J. McGuire.--An analysis of cognitive balancing, by M. J. Rosenberg and R. P. Abelson.--A dissonance analysis of attitude-discrepant behavior, by J. W. Brehm.--Summary and further theoretical issues, by C. I. Hovland and M. J. Rosenberg. aBibliography: p. 233-239. 0aAttitude (Psychology).1 aRosenberg, Milton J.,d1925-